[Event "Berliner Sommer 15th"]
[Site "Berlin"]
[Date "1997.??.??"]
[Round "8"]
[White "Epishin, Vladimir"]
[Black "Mukhametov, Eldar"]
[Result "1-0"]
[WhiteElo "2570"]
[BlackElo "2475"]
[PlyCount "103"]
[EventDate "1997.08.??"]
[EventType "swiss"]
[EventRounds "9"]
[EventCountry "GER"]
[SourceTitle "CBM 059 Extra"]
[Source "ChessBase"]
[SourceDate "1997.09.26"]
[SourceVersion "1"]
[SourceVersionDate "1997.09.26"]
[SourceQuality "1"]

1. d4 d5 2. c4 c6 3. Nc3 Nf6 4. Nf3 e6 5. e3 Nbd7 6. Qc2 a6 7. b3 Bd6 8. Be2 e5 9. dxe5 Nxe5 10. 0-0 Bg4 11. Nd4 Bxe2 12. Ncxe2 0-0 13. Nf5 Bc7 14. cxd5 cxd5 15. Bb2 Re8 16. Rac1 Bb6 17. Bd4 Bxd4 18. Nfxd4 Rc8 19. Qxc8 Qxc8 20. Rxc8 Rxc8 21. f3 h5 22. Rd1 g6 23. Kf2 Nc6 24. Rc1 Ne7 25. Rxc8+ Nxc8 26. Nf4 Kf8 27. Nd3 Nd7 28. h4 f5 29. Ne6+ Kg8 30. Nec5 Nxc5 31. Nxc5 Nd6 32. Ke2 Kf7 33. Kd3 f4 34. e4 dxe4+ 35. fxe4 Kf6 36. b4 g5 37. hxg5+ Kxg5 38. e5 Nf5 39. Ke4 Kg4 40. e6 h4 41. Nd3 Nd6+ 42. Ke5 Nc4+ 43. Kd5 Nb6+ 44. Ke4 Nc8 45. Nxf4 Nd6+ 46. Ke5 Nc4+ 47. Kd5 Nb6+ 48. Ke4 Nc8 49. Ne2 Ne7 50. Ke5 Kg5 51. Nd4 Kg4 52. Kd6 1-0

[Event "Alushta"]
[Site "Alushta"]
[Date "1997.??.??"]
[Round "1"]
[White "Golubev, Mikhail"]
[Black "Mukhametov, Eldar"]
[Result "1/2-1/2"]
[WhiteElo "2530"]
[BlackElo "2460"]
[PlyCount "112"]
[EventDate "1997.??.??"]
[EventType "tourn"]
[EventRounds "9"]
[EventCountry "UKR"]
[EventCategory "7"]
[SourceTitle "EXT 1999"]
[Source "ChessBase"]
[SourceDate "1998.11.16"]
[SourceVersion "1"]
[SourceVersionDate "1998.11.16"]
[SourceQuality "1"]

1. e4 c5 2. Nf3 d6 3. d4 cxd4 4. Nxd4 Nf6 5. Nc3 Nc6 6. Bc4 Qb6 7. Nb3 e6 8. Bf4 Ne5 9. Be2 Bd7 10. 0-0 Be7 11. Be3 Qc7 12. f4 Nc4 13. Bd4 e5 14. Bxc4 Qxc4 15. fxe5 dxe5 16. Bxe5 Bc6 17. Qd3 Qe6 18. Bxf6 Bxf6 19. Nd5 Bxd5 20. exd5 Qb6+ 21. Kh1 0-0 22. c3 Be5 23. Rae1 Qd6 24. Nd2 Bxh2 25. Re3 Bf4 26. Nc4 Qb8 27. Rh3 h6 28. d6 b5 29. Rxf4 bxc4 30. Qd2 Rd8 31. Rf6 Qb5 32. Rfxh6 gxh6 33. Qxh6 Qe5 34. Rh5 Qxh5+ 35. Qxh5 Rxd6 36. Qg4+ Rg6 37. Qxc4 Rd8 38. Qf4 a5 39. c4 Re8 40. Qd2 Re5 41. b3 Rg4 42. Qc2 Rf4 43. Kh2 Rg4 44. a3 Rgg5 45. Qd1 Rg6 46. Qd8+ Kh7 47. b4 axb4 48. axb4 Rg4 49. Qd3+ Kg8 50. b5 Rh5+ 51. Kg1 Rc5 52. Qd8+ Kg7 53. b6 Rcxc4 54. b7 Rb4 55. b8R Rxb8 56. Qxb8 Rg6 1/2-1/2

[Event "Alushta-B"]
[Site "Alushta"]
[Date "1997.??.??"]
[Round "2"]
[White "Mukhametov, Eldar"]
[Black "Arakelian, Eduard"]
[Result "0-1"]
[WhiteElo "2460"]
[BlackElo "2415"]
[PlyCount "112"]
[EventDate "1997.??.??"]
[EventType "tourn"]
[EventRounds "11"]
[EventCountry "UKR"]
[EventCategory "3"]
[SourceTitle "EXT 2000"]
[Source "ChessBase"]
[SourceDate "1999.11.16"]
[SourceVersion "1"]
[SourceVersionDate "1999.11.16"]
[SourceQuality "1"]

1. e4 c6 2. d4 d5 3. exd5 cxd5 4. c4 Nf6 5. Nc3 e6 6. Nf3 Be7 7. cxd5 Nxd5 8. Bc4 0-0 9. 0-0 Nc6 10. Re1 Nxc3 11. bxc3 b6 12. Bd3 Bb7 13. h4 Qd5 14. Rb1 Qd6 15. Bg5 h6 16. Be3 Rfd8 17. Bc2 Na5 18. Ne5 Qd5 19. Qg4 h5 20. Qh3 Rac8 21. Bd2 Qxa2 22. Qd3 f5 23. Ng6 Bf6 24. Ra1 Qc4 25. Qg3 Qc7 26. Qxc7 Rxc7 27. Rxe6 Bd5 28. Nf4 Bxe6 29. Nxe6 Rxd4 30. Nxd4 Bxd4 31. Bxf5 Bxf2+ 32. Kxf2 Rf7 33. g4 hxg4 34. Kg3 Rxf5 35. Kxg4 Rd5 36. Bf4 Kf7 37. Rf1 Kg6 38. Re1 Kf7 39. Rf1 Nc6 40. h5 b5 41. Bd6+ Kg8 42. Rf8+ Kh7 43. Bf4 a5 44. Kh4 a4 45. Rf7 Kg8 46. Rc7 Rc5 47. Rc8+ Kh7 48. Bd6 Rxc3 49. Kg5 Rc2 50. Rc7 Nd4 51. Rb7 Rc6 52. Ba3 Rc7 53. Rxc7 Ne6+ 54. Kf5 Nxc7 55. Ke5 Kh6 56. Bf8 b4 0-1

[Event "Baden Casino op 2nd"]
[Site "Baden"]
[Date "1997.??.??"]
[Round "?"]
[White "Mukhametov, Eldar"]
[Black "Lipecki, Alexander"]
[Result "1-0"]
[WhiteElo "2460"]
[BlackElo "2080"]
[PlyCount "71"]
[EventDate "1997.04.??"]
[EventType "swiss"]
[EventRounds "9"]
[EventCountry "SUI"]
[SourceTitle "EXT 1999"]
[Source "ChessBase"]
[SourceDate "1998.11.16"]
[SourceVersion "1"]
[SourceVersionDate "1998.11.16"]
[SourceQuality "1"]

1. e4 e6 2. d4 d5 3. e5 c5 4. c3 Ne7 5. Nf3 Ng6 6. h4 Nc6 7. h5 Nge7 8. h6 cxd4 9. hxg7 Bxg7 10. cxd4 h6 11. Nc3 a6 12. Bd3 Nf5 13. Bxf5 exf5 14. Qb3 Ne7 15. Ne2 Qc7 16. Nf4 Be6 17. Bd2 Rc8 18. Nh5 Kf8 19. 0-0 Nc6 20. Rac1 Qe7 21. Rxc6 bxc6 22. Bb4 c5 23. Bxc5 Rxc5 24. dxc5 Qxc5 25. Qb8+ Qc8 26. Qb4+ Kg8 27. Qf4 Kh7 28. Rc1 Qb8 29. b3 Rg8 30. Ng3 Rc8 31. Re1 Rc2 32. Nxf5 Rxa2 33. Nxg7 Kxg7 34. Nd4 Qg8 35. Re3 Qc8 36. Rg3+ 1-0

[Event "Baden Casino op 2nd"]
[Site "Baden"]
[Date "1997.??.??"]
[Round "?"]
[White "Mukhametov, Eldar"]
[Black "Tukmakov, Vladimir B"]
[Result "1/2-1/2"]
[WhiteElo "2460"]
[BlackElo "2585"]
[PlyCount "49"]
[EventDate "1997.04.??"]
[EventType "swiss"]
[EventRounds "9"]
[EventCountry "SUI"]
[SourceTitle "EXT 1999"]
[Source "ChessBase"]
[SourceDate "1998.11.16"]
[SourceVersion "1"]
[SourceVersionDate "1998.11.16"]
[SourceQuality "1"]

1. e4 c5 2. c3 d5 3. exd5 Qxd5 4. d4 Nf6 5. Nf3 g6 6. Qb3 cxd4 7. Bc4 Qe4+ 8. Kf1 e6 9. Nbd2 Qf5 10. Nxd4 Qc5 11. Qb5+ Nbd7 12. Qxc5 Bxc5 13. N2b3 Bd6 14. h3 a6 15. Bh6 Ke7 16. Rd1 Nb6 17. Be2 Na4 18. Na5 Nxb2 19. Rd2 Na4 20. Ndc6+ bxc6 21. Nxc6+ Kd7 22. Ne5+ Ke7 23. Nc6+ Kd7 24. Ne5+ Ke7 25. Nc6+ 1/2-1/2

[Event "Baden Casino op 2nd"]
[Site "Baden"]
[Date "1997.??.??"]
[Round "?"]
[White "Mukhametov, Eldar"]
[Black "Xheladini, Mahmut"]
[Result "1-0"]
[WhiteElo "2460"]
[BlackElo "2295"]
[PlyCount "137"]
[EventDate "1997.04.??"]
[EventType "swiss"]
[EventRounds "9"]
[EventCountry "SUI"]
[SourceTitle "EXT 1999"]
[Source "ChessBase"]
[SourceDate "1998.11.16"]
[SourceVersion "1"]
[SourceVersionDate "1998.11.16"]
[SourceQuality "1"]

1. e4 c5 2. c3 Qa5 3. Nf3 e6 4. Bc4 b5 5. Bd3 Bb7 6. 0-0 Nc6 7. a4 b4 8. Re1 Qc7 9. Bc2 e5 10. d3 Be7 11. Nbd2 d6 12. Nc4 Bf6 13. Ne3 Nce7 14. cxb4 cxb4 15. a5 Bc8 16. Bd2 Rb8 17. Ba4+ Kf8 18. Qb1 g5 19. Rc1 Qd8 20. Qc2 Ba6 21. Ne1 Qxa5 22. Bb3 Qb6 23. Qc7 Rb7 24. Qxb6 Rxb6 25. Rc7 Nh6 26. Rxa7 Bb5 27. h4 Kg7 28. hxg5 Bxg5 29. Nf3 Bf6 30. Nc4 Bxc4 31. Bxc4 Ng4 32. R7a6 Rhb8 33. Rxb6 Rxb6 34. Ra6 Nc8 35. Rxb6 Nxb6 36. Bb3 Bd8 37. Bxb4 Nc8 38. d4 Bb6 39. Bc3 Kf6 40. Ba4 Ke6 41. Kf1 f6 42. Be8 Nh6 43. Ke2 Ke7 44. Bh5 Na7 45. dxe5 fxe5 46. Bd2 Ng8 47. Bg4 Nf6 48. Bf5 Nc6 49. g4 Kf7 50. g5 Ng8 51. Bxh7 Nge7 52. Be3 Bd8 53. Bf5 Nxf5 54. exf5 d5 55. g6+ Kg7 56. Bc5 Bf6 57. b4 e4 58. Nd2 Bc3 59. b5 Na5 60. Bb6 Nb7 61. Nb3 Nd6 62. Bd4+ Bxd4 63. Nxd4 Nc4 64. Kd1 Kf6 65. Kc2 Nb6 66. Kb3 Nd7 67. Kb4 Ke5 68. g7 Nf6 69. b6 1-0

[Event "Berliner Sommer 15th"]
[Site "Berlin"]
[Date "1997.??.??"]
[Round "3"]
[White "Zhukova, Natalia"]
[Black "Mukhametov, Eldar"]
[Result "0-1"]
[WhiteElo "2330"]
[BlackElo "2475"]
[PlyCount "120"]
[EventDate "1997.08.??"]
[EventType "swiss"]
[EventRounds "9"]
[EventCountry "GER"]
[SourceTitle "CBM 059 Extra"]
[Source "ChessBase"]
[SourceDate "1997.09.26"]
[SourceVersion "1"]
[SourceVersionDate "1997.09.26"]
[SourceQuality "1"]

1. d4 d5 2. Nf3 Nf6 3. c4 e6 4. Nc3 c6 5. cxd5 exd5 6. Bg5 h6 7. Bh4 Bf5 8. Qb3 g5 9. Bg3 Qb6 10. e3 Nbd7 11. Be2 Nh5 12. Nd2 Nxg3 13. hxg3 Qxb3 14. Nxb3 a5 15. g4 Be6 16. a3 a4 17. Nc1 Nf6 18. f3 Bg7 19. Nd3 Nd7 20. g3 0-0 21. f4 f6 22. f5 Bf7 23. Kf2 Rfe8 24. Bf3 Bf8 25. Rac1 Nb6 26. e4 dxe4 27. Nxe4 Kg7 28. Nec5 Rad8 29. Nxb7 Rxd4 30. Rhd1 Bb3 31. Re1 Rxe1 32. Nxe1 Nc4 33. Bxc6 Nxb2 34. Bb5 Nc4 35. Nf3 Re4 36. Bc6 Bxa3 37. Rc3 Rxg4 38. Rd3 Be7 39. Nd8 Bc5+ 40. Kg2 Bd6 41. Nd4 Ne3+ 42. Kf2 Rxd4 43. Rxd4 Nxf5 44. Rd3 Bxg3+ 45. Kg2 Be5 46. Rd7+ Kf8 47. Ra7 g4 48. Nb7 Bd4 49. Ra5 Ne7 50. Nd8 Nxc6 51. Nxc6 Bc3 52. Ra8+ Kf7 53. Kg3 h5 54. Kh4 Bb2 55. Nb4 a3 56. Nd3 Kg6 57. Ra5 f5 58. Ra6+ Bf6+ 59. Kg3 a2 60. Ne5+ Kg5 0-1

[Event "Petrov Memorial op"]
[Site "St Petersburg"]
[Date "1996.??.??"]
[Round "7"]
[White "Balashov, Yuri S"]
[Black "Mukhametov, Eldar"]
[Result "1/2-1/2"]
[WhiteElo "2480"]
[BlackElo "2505"]
[PlyCount "25"]
[EventDate "1996.02.??"]
[EventType "swiss"]
[EventRounds "9"]
[EventCountry "RUS"]
[SourceTitle "CBM 052"]
[Source "ChessBase"]
[SourceDate "1996.06.01"]
[SourceVersion "1"]
[SourceVersionDate "1996.06.01"]
[SourceQuality "1"]

1. e4 c5 2. Nc3 Nc6 3. Nf3 d6 4. d4 cxd4 5. Nxd4 Nf6 6. Bg5 e6 7. Qd2 a6 8. 0-0-0 h6 9. Be3 Be7 10. f3 Nxd4 11. Bxd4 b5 12. Kb1 Rb8 13. e5 1/2-1/2

[Event "Zhukov Memorial"]
[Site "Spasskoe"]
[Date "1996.??.??"]
[Round "4"]
[White "Belikov, Vladimir"]
[Black "Mukhametov, Eldar"]
[Result "1/2-1/2"]
[WhiteElo "2500"]
[BlackElo "2505"]
[PlyCount "145"]
[EventDate "1996.??.??"]
[EventType "tourn"]
[EventRounds "13"]
[EventCountry "RUS"]
[SourceTitle "EXT 1999"]
[Source "ChessBase"]
[SourceDate "1998.11.16"]
[SourceVersion "1"]
[SourceVersionDate "1998.11.16"]
[SourceQuality "1"]

1. e4 c5 2. Nf3 Nc6 3. d4 cxd4 4. Nxd4 Nf6 5. Nc3 d6 6. Bc4 Qb6 7. Nb3 e6 8. 0-0 Be7 9. Be3 Qc7 10. f4 a6 11. Bd3 b5 12. Qf3 0-0 13. Rae1 Bb7 14. Qh3 Nb4 15. Nd4 Nxd3 16. cxd3 Qd7 17. a3 Rae8 18. Rf3 Bd8 19. Rg3 Kh8 20. f5 e5 21. Nf3 d5 22. exd5 Bxd5 23. Ng5 Qc6 24. Kh1 Ba5 25. Bd2 Bb6 26. Nxd5 Qxd5 27. Nxh7 Nxh7 28. Qh5 f6 29. Rh3 Qg8 30. Re4 Rd8 31. Reh4 Bf2 32. Qxh7+ Qxh7 33. Rxh7+ Kg8 34. g4 Bd4 35. b3 Rc8 36. Rh8+ Kf7 37. Rxf8+ Rxf8 38. Kg2 Rc8 39. Kf3 Rc2 40. Bb4 Kg8 41. Ke4 Re2+ 42. Kd5 Rg2 43. Be7 Kf7 44. Bd6 Kg8 45. b4 Rxg4 46. Kc6 Bb2 47. Kb6 Bxa3 48. d4 Bxb4 49. Bxb4 Rxd4 50. Rb3 Rf4 51. Kxa6 Rxf5 52. Kxb5 Rf2 53. h3 Kf7 54. Kc4 Ke6 55. Rg3 Rf4+ 56. Kc3 Kf7 57. Bc5 Rh4 58. Kd3 Rf4 59. Be3 Rh4 60. Bf2 Rf4 61. Ke3 Ra4 62. Kf3 Rf4+ 63. Kg2 Ra4 64. Rb3 Kg6 65. h4 Rc4 66. Bg3 Kh5 67. Kh3 g5 68. hxg5 Kxg5 69. Ra3 Kg6 70. Re3 Kg5 71. Ra3 Kg6 72. Ra6 Rb4 73. Bh4 1/2-1/2

[Event "Petrov Memorial op"]
[Site "St Petersburg"]
[Date "1996.??.??"]
[Round "9"]
[White "Fedorov, Alexei"]
[Black "Mukhametov, Eldar"]
[Result "0-1"]
[WhiteElo "2540"]
[BlackElo "2505"]
[PlyCount "50"]
[EventDate "1996.02.??"]
[EventType "swiss"]
[EventRounds "9"]
[EventCountry "RUS"]
[SourceTitle "CBM 052"]
[Source "ChessBase"]
[SourceDate "1996.06.01"]
[SourceVersion "1"]
[SourceVersionDate "1996.06.01"]
[SourceQuality "1"]

1. e4 c5 2. Nf3 Nc6 3. Nc3 d6 4. d4 cxd4 5. Nxd4 Nf6 6. Bc4 Qb6 7. Nb3 e6 8. Bg5 Be7 9. 0-0 0-0 10. Bxf6 Bxf6 11. Qxd6 Rd8 12. Qg3 Be5 13. Qh3 Bd7 14. Rad1 Nb4 15. Na1 Rac8 16. Bb3 Na6 17. Qh5 Qc7 18. Rd3 Nc5 19. Rh3 h6 20. Kh1 Bc6 21. f3 Rd2 22. Nb1 Nxb3 23. axb3 Rd7 24. Nc3 Rcd8 25. f4 Bxc3 0-1

[Event "Petrov Memorial op"]
[Site "St Petersburg"]
[Date "1996.??.??"]
[Round "1"]
[White "Mukhametov, Eldar"]
[Black "Andreev, Konstantin"]
[Result "1-0"]
[WhiteElo "2505"]
[BlackElo "2310"]
[PlyCount "85"]
[EventDate "1996.02.??"]
[EventType "swiss"]
[EventRounds "9"]
[EventCountry "RUS"]
[SourceTitle "CBM 052"]
[Source "ChessBase"]
[SourceDate "1996.06.01"]
[SourceVersion "1"]
[SourceVersionDate "1996.06.01"]
[SourceQuality "1"]

1. e4 e5 2. Nf3 Nc6 3. d4 exd4 4. Nxd4 Nf6 5. Nxc6 bxc6 6. e5 Qe7 7. Qe2 Nd5 8. c4 Ba6 9. g3 f6 10. e6 Nb6 11. exd7+ Nxd7 12. b3 Ne5 13. Be3 Bc8 14. Bg2 Bg4 15. Bxc6+ Nxc6 16. Qxg4 Qe5 17. 0-0 Qxa1 18. Qe4+ Kd7 19. Qf5+ Ke8 20. Qd5 Bd6 21. Qxc6+ Kf7 22. Qd7+ Be7 23. Bd4 Qxa2 24. Re1 Rhe8 25. Bc5 Kg8 26. Nc3 Qxb3 27. Rxe7 Rxe7 28. Qd5+ Re6 29. Qxa8+ Kf7 30. Qd5 Qxc3 31. Qd7+ Kg6 32. Qxe6 a5 33. Qe8+ Kf5 34. Qh5+ g5 35. Qxh7+ Kg4 36. h3+ Kf3 37. Qh5+ Ke4 38. Qe2+ Kf5 39. g4+ Kg6 40. Qe8+ Kh7 41. Qf7+ Kh8 42. Qe8+ Kh7 43. Bf8 1-0

[Event "YUG-chT"]
[Site "Budva"]
[Date "1996.??.??"]
[Round "1"]
[White "Mukhametov, Eldar"]
[Black "Beliavsky, Alexander G"]
[Result "1/2-1/2"]
[WhiteElo "2505"]
[BlackElo "2615"]
[PlyCount "81"]
[EventDate "1996.??.??"]
[EventType "team"]
[EventRounds "6"]
[EventCountry "YUG"]
[SourceTitle "CBM 053 Extra"]
[Source "ChessBase"]
[SourceDate "1996.09.01"]
[SourceVersion "1"]
[SourceVersionDate "1996.09.01"]
[SourceQuality "1"]

1. e4 e6 2. d4 d5 3. e5 c5 4. c3 Nc6 5. Nf3 Bd7 6. Be2 f6 7. 0-0 Qb6 8. Bd3 0-0-0 9. dxc5 Bxc5 10. b4 Be7 11. Be3 Qc7 12. exf6 Nxf6 13. b5 Na5 14. Bd4 Bc5 15. Nbd2 Kb8 16. Qa4 Bxd4 17. Qxd4 Rc8 18. Rac1 Qb6 19. Qf4+ Ka8 20. Ne5 Rhd8 21. Qg5 Qc7 22. Rfe1 Be8 23. h3 h6 24. Qh4 Qc5 25. Qa4 Qb6 26. Ndf3 Ne4 27. Bxe4 Bxb5 28. Qd4 dxe4 29. Qxb6 axb6 30. Rxe4 Nc4 31. Nd4 Nxe5 32. Nxb5 Rd5 33. a4 Nd3 34. Ra1 Nc5 35. Rd4 Kb8 36. Rxd5 exd5 37. f3 Rd8 38. Kf2 Kc8 39. Ra2 Kd7 40. Rd2 Ke7 41. Rd4 1/2-1/2

[Event "RUS-Cup3"]
[Site "Omsk"]
[Date "1996.??.??"]
[Round "7"]
[White "Mukhametov, Eldar"]
[Black "Khachiyan, Melikset"]
[Result "1/2-1/2"]
[WhiteElo "2485"]
[BlackElo "2480"]
[PlyCount "124"]
[EventDate "1996.12.13"]
[EventType "swiss"]
[EventRounds "9"]
[EventCountry "RUS"]
[SourceTitle "CBM 057"]
[Source "ChessBase"]
[SourceDate "1997.04.01"]
[SourceVersion "1"]
[SourceVersionDate "1997.04.01"]
[SourceQuality "1"]

1. e4 c5 2. c3 d6 3. d4 Nf6 4. dxc5 Nc6 5. Qc2 d5 6. Nd2 e5 7. b4 a5 8. Bb5 Bd7 9. Ngf3 axb4 10. Bxc6 Bxc6 11. cxb4 Qc7 12. Bb2 Ba4 13. Qb1 d4 14. Nc4 Nd7 15. Bc1 b6 16. Nxb6 Nxb6 17. cxb6 Qc4 18. Nxe5 Bxb4+ 19. Bd2 Bxd2+ 20. Kxd2 Qc3+ 21. Ke2 0-0 22. Rc1 Qa5 23. Nd3 Qh5+ 24. f3 Bb5 25. a4 Ba6 26. Ra3 Qh6 27. Kf1 Rac8 28. Rd1 Qxh2 29. Kf2 Rc6 30. Rh1 Qd6 31. Rb3 Bc4 32. e5 Qe7 33. Nb2 g6 34. Nxc4 Rxc4 35. b7 Rb8 36. Rc1 Rc7 37. Rxc7 Qxc7 38. Qe4 d3 39. Qxd3 Rxb7 40. Rxb7 Qxb7 41. Qd8+ Kg7 42. Qd4 Kg8 43. a5 h5 44. Kg3 Qb5 45. Qd8+ Kh7 46. Qf6 Qxa5 47. Qxf7+ Kh6 48. Qf4+ Kh7 49. Kh4 Qd8+ 50. Qf6 Qd4+ 51. Kh3 Qa1 52. Qf7+ Kh6 53. Qf4+ Kg7 54. Qf6+ Kh7 55. Qf7+ Kh6 56. e6 Qh1+ 57. Kg3 Qe1+ 58. Kf4 Qb4+ 59. Ke3 Qc3+ 60. Ke4 Qc4+ 61. Ke5 Qc5+ 62. Ke4 Qc4+ 1/2-1/2

[Event "YUG-chT"]
[Site "Budva"]
[Date "1996.??.??"]
[Round "3"]
[White "Mukhametov, Eldar"]
[Black "Konjevic, Djordjije"]
[Result "1/2-1/2"]
[WhiteElo "2505"]
[BlackElo "2380"]
[PlyCount "130"]
[EventDate "1996.??.??"]
[EventType "team"]
[EventRounds "6"]
[EventCountry "YUG"]
[SourceTitle "CBM 053 Extra"]
[Source "ChessBase"]
[SourceDate "1996.09.01"]
[SourceVersion "1"]
[SourceVersionDate "1996.09.01"]
[SourceQuality "1"]

1. e4 d6 2. d4 Nf6 3. Nc3 g6 4. Be3 c6 5. h3 Bg7 6. g4 Qa5 7. Qd2 h5 8. g5 Nfd7 9. Bg2 b5 10. Nge2 b4 11. Nd1 Nb6 12. b3 Bb7 13. 0-0 c5 14. Nb2 0-0 15. Nd3 cxd4 16. Nxd4 e5 17. Ne2 Nc6 18. a3 bxa3 19. Qxa5 Nxa5 20. Nb4 Nc6 21. Nxc6 Bxc6 22. Rxa3 Nc8 23. Rfa1 a6 24. Nc3 Bb7 25. Nd5 Na7 26. Bf1 Nb5 27. Bxb5 axb5 28. Rxa8 Rxa8 29. Rxa8+ Bxa8 30. Kf1 f6 31. Ke2 Bxd5 32. exd5 f5 33. f3 Kf7 34. Kd3 Ke8 35. c4 Kd7 36. b4 bxc4+ 37. Kxc4 Kc7 38. Kb5 Kb7 39. Kc4 Bf8 40. h4 Be7 41. Kb5 Bd8 42. Bf2 Bc7 43. Kc4 Bb6 44. Be1 Bg1 45. b5 Bc5 46. Ba5 Kc8 47. Be1 Kb7 48. Bc3 Kb6 49. Bd2 e4 50. fxe4 fxe4 51. Be1 e3 52. Bc3 e2 53. Be1 Bg1 54. Bg3 Ka5 55. Be1+ Ka4 56. Bg3 Bc5 57. b6 Bxb6 58. Kd3 Kb5 59. Kxe2 Kc4 60. Bxd6 Kxd5 61. Bf4 Ke4 62. Bb8 Be3 63. Bg3 Bc1 64. Be1 Be3 65. Bg3 Ba7 1/2-1/2

[Event "Petrov Memorial op"]
[Site "St Petersburg"]
[Date "1996.??.??"]
[Round "3"]
[White "Mukhametov, Eldar"]
[Black "Kruppa, Yuri"]
[Result "1-0"]
[WhiteElo "2505"]
[BlackElo "2580"]
[PlyCount "95"]
[EventDate "1996.02.??"]
[EventType "swiss"]
[EventRounds "9"]
[EventCountry "RUS"]
[SourceTitle "CBM 052"]
[Source "ChessBase"]
[SourceDate "1996.06.01"]
[SourceVersion "1"]
[SourceVersionDate "1996.06.01"]
[SourceQuality "1"]

1. e4 c6 2. d4 d5 3. Nc3 dxe4 4. Nxe4 Bf5 5. Ng3 Bg6 6. Nf3 Nd7 7. h4 h6 8. h5 Bh7 9. Bd3 Bxd3 10. Qxd3 e6 11. Bd2 Ngf6 12. 0-0-0 Be7 13. Qe2 c5 14. Rhe1 0-0 15. Nf5 exf5 16. Qxe7 Qc7 17. dxc5 Rfe8 18. Qd6 Qxc5 19. Qxc5 Nxc5 20. Rxe8+ Rxe8 21. Nh4 Nce4 22. Be3 f4 23. Bxa7 Ra8 24. Bd4 Rxa2 25. Kb1 Ra5 26. f3 Ng5 27. Bxf6 gxf6 28. c4 Rc5 29. b3 Ne6 30. Rd5 Rxd5 31. cxd5 Nd4 32. Kb2 b6 33. Kc3 Ne2+ 34. Kd2 Ng3 35. Kc3 Kf8 36. Kb4 Ke7 37. Kb5 Kd6 38. Kxb6 Kxd5 39. b4 Nxh5 40. Nf5 Ke6 41. Nxh6 Ng7 42. b5 Kd5 43. Ka7 Ne6 44. b6 Nd8 45. b7 Kd4 46. Kb6 Nxb7 47. Kxb7 Ke3 48. Kc6 1-0

[Event "RUS-Cup3"]
[Site "Omsk"]
[Date "1996.??.??"]
[Round "1"]
[White "Mukhametov, Eldar"]
[Black "Lykov, Vasili"]
[Result "1-0"]
[WhiteElo "2485"]
[BlackElo "2260"]
[PlyCount "53"]
[EventDate "1996.12.13"]
[EventType "swiss"]
[EventRounds "9"]
[EventCountry "RUS"]
[SourceTitle "CBM 057"]
[Source "ChessBase"]
[SourceDate "1997.04.01"]
[SourceVersion "1"]
[SourceVersionDate "1997.04.01"]
[SourceQuality "1"]

1. e4 e5 2. Nf3 Nc6 3. d4 exd4 4. Nxd4 Nf6 5. Nxc6 bxc6 6. e5 Qe7 7. Qe2 Nd5 8. c4 Ba6 9. g3 g5 10. Bg2 Bg7 11. 0-0 0-0-0 12. Re1 Rde8 13. Qc2 Qc5 14. Na3 Nb6 15. Be3 Qxe5 16. c5 Nd5 17. Qa4 Kb7 18. Rad1 Re7 19. Bxd5 cxd5 20. c6+ dxc6 21. Qb4+ Ka8 22. Bc5 Be2 23. Bxe7 Rb8 24. Qc5 Rxb2 25. Qxc6+ Kb8 26. Rxd5 Qxe7 27. Rd7 1-0

[Event "YUG-chT"]
[Site "Budva"]
[Date "1996.??.??"]
[Round "5"]
[White "Mukhametov, Eldar"]
[Black "Marjanovic, Slavoljub"]
[Result "1-0"]
[WhiteElo "2505"]
[BlackElo "2455"]
[PlyCount "67"]
[EventDate "1996.??.??"]
[EventType "team"]
[EventRounds "6"]
[EventCountry "YUG"]
[SourceTitle "CBM 053 Extra"]
[Source "ChessBase"]
[SourceDate "1996.09.01"]
[SourceVersion "1"]
[SourceVersionDate "1996.09.01"]
[SourceQuality "1"]

1. e4 c5 2. c3 Nf6 3. e5 Nd5 4. Nf3 e6 5. d4 cxd4 6. cxd4 b6 7. Nc3 Nxc3 8. bxc3 Qc7 9. Bd2 d6 10. Bd3 Nd7 11. 0-0 dxe5 12. Re1 Bb7 13. Nxe5 Nxe5 14. Rxe5 Bd6 15. Bb5+ Kf8 16. Rh5 g6 17. Bh6+ Kg8 18. Qd2 a6 19. Bf1 f6 20. Rh3 Kf7 21. c4 Rab8 22. Re1 Rhe8 23. c5 bxc5 24. dxc5 Qxc5 25. Bf4 Bxf4 26. Qxf4 h5 27. Rc1 Qe5 28. Rc7+ Re7 29. Rxe7+ Kxe7 30. Qxe5 fxe5 31. Rb3 a5 32. Ba6 Bxa6 33. Rxb8 Bc4 34. a4 1-0

[Event "Russia"]
[Site "Russia"]
[Date "1996.??.??"]
[Round "?"]
[White "Mukhametov, Eldar"]
[Black "Mochalov, Evgeny Veniaminovic"]
[Result "1/2-1/2"]
[WhiteElo "2485"]
[BlackElo "2465"]
[PlyCount "85"]
[EventDate "1996.??.??"]
[EventType "game"]
[EventRounds "1"]
[EventCountry "RUS"]
[SourceTitle "EXT 2010"]
[Source "ChessBase"]
[SourceDate "2010.11.25"]
[SourceVersion "1"]
[SourceVersionDate "2010.11.25"]
[SourceQuality "1"]

1. e4 c5 2. c3 d5 3. exd5 Qxd5 4. d4 Nf6 5. Nf3 Bg4 6. dxc5 Qxc5 7. Na3 Nbd7 8. Be3 Qc7 9. h3 Bh5 10. Nb5 Qb8 11. g4 Bg6 12. g5 Ne4 13. Qa4 a6 14. 0-0-0 Bf5 15. Nbd4 Nec5 16. Qc4 b5 17. Qe2 Be4 18. Nb3 Nxb3+ 19. axb3 Qb7 20. Bg2 e6 21. Rhe1 Rc8 22. Bd4 Bd5 23. Bh1 Nc5 24. Nd2 Bxh1 25. Rxh1 Qd5 26. Bxc5 Bxc5 27. Ne4 Qxb3 28. Rhg1 0-0 29. Rg4 b4 30. Nf6+ gxf6 31. gxf6+ Kh8 32. Rh4 Be3+ 33. fxe3 Rc5 34. Qd3 h5 35. Qc2 Qxc2+ 36. Kxc2 bxc3 37. bxc3 Kh7 38. Ra1 a5 39. Rha4 Rfc8 40. R1a3 Rf5 41. Rxa5 Rf2+ 42. Kd3 Kg6 43. R3a4 1/2-1/2

[Event "Zhukov Memorial"]
[Site "Spasskoe"]
[Date "1996.??.??"]
[Round "1"]
[White "Mukhametov, Eldar"]
[Black "Rustemov, Alexander"]
[Result "1-0"]
[WhiteElo "2505"]
[BlackElo "2495"]
[PlyCount "71"]
[EventDate "1996.??.??"]
[EventType "tourn"]
[EventRounds "13"]
[EventCountry "RUS"]
[SourceTitle "EXT 1999"]
[Source "ChessBase"]
[SourceDate "1998.11.16"]
[SourceVersion "1"]
[SourceVersionDate "1998.11.16"]
[SourceQuality "1"]

1. e4 e6 2. d4 d5 3. e5 c5 4. c3 Qb6 5. a3 cxd4 6. cxd4 Ne7 7. Nf3 Nbc6 8. Nc3 Nf5 9. Na4 Qd8 10. Be2 Be7 11. b4 h5 12. Bb2 g5 13. h3 Kf8 14. Ng1 h4 15. Nf3 Rg8 16. Nh2 Qe8 17. Nc5 a5 18. b5 Nxe5 19. Nxe6+ fxe6 20. dxe5 Bd7 21. Qd3 Rc8 22. 0-0 Qg6 23. Ng4 Kg7 24. Nf6 Bxf6 25. exf6+ Kh7 26. Rac1 a4 27. Qd2 b6 28. Rxc8 Rxc8 29. Rc1 Kh6 30. Rxc8 Bxc8 31. Qc3 Bd7 32. f7 Qxf7 33. Qh8+ Qh7 34. Qf6+ Qg6 35. Qf8+ Ng7 36. Qh8+ 1-0

[Event "Petrov Memorial op"]
[Site "St Petersburg"]
[Date "1996.??.??"]
[Round "5"]
[White "Rublevsky, Sergei"]
[Black "Mukhametov, Eldar"]
[Result "1/2-1/2"]
[WhiteElo "2610"]
[BlackElo "2505"]
[PlyCount "48"]
[EventDate "1996.02.??"]
[EventType "swiss"]
[EventRounds "9"]
[EventCountry "RUS"]
[SourceTitle "CBM 052"]
[Source "ChessBase"]
[SourceDate "1996.06.01"]
[SourceVersion "1"]
[SourceVersionDate "1996.06.01"]
[SourceQuality "1"]

1. e4 c5 2. Nf3 Nc6 3. Bb5 d6 4. Bxc6+ bxc6 5. 0-0 Bg4 6. d3 e6 7. c3 Nf6 8. Nbd2 Nd7 9. Re1 Be7 10. Qa4 Qc7 11. e5 Bf5 12. exd6 Qxd6 13. Ne4 Qxd3 14. Ng3 Bg6 15. Qxc6 0-0 16. Bf4 Nb6 17. Ne5 Qd5 18. Qc7 Bf6 19. Ng4 Bd8 20. Qd6 Bh4 21. Red1 Qxd6 22. Bxd6 Rfc8 23. Ne5 Bxg3 24. hxg3 f6 1/2-1/2